Climate Change and Agricultural Food Production (Record no. 14209)
[ view plain ]
| 000 -LEADER | |
|---|---|
| fixed length control field | 00357nam a22001217a 4500 |
| 020 ## - INTERNATIONAL STANDARD BOOK NUMBER | |
| ISBN | 9789381450512 |
| 082 ## - DEWEY DECIMAL CLASSIFICATION NUMBER | |
| Classification number | 551.6977 |
| Item number | KIB/CL |
| 100 ## - MAIN ENTRY--AUTHOR NAME | |
| Personal name | Golam Kibria |
| -- | A. K. Yousuf Haroon |
| -- | Dayanthi Nugegoda |
| 245 ## - TITLE STATEMENT | |
| Title | Climate Change and Agricultural Food Production |
| 260 ## - PUBLICATION, DISTRIBUTION, ETC. (IMPRINT) | |
| Place of publication | New Delhi |
| Name of publisher | New India Publishing Agency |
| Year of publication | 2013 |
| 300 ## - PHYSICAL DESCRIPTION | |
| Number of Pages | 287 |
| 942 ## - ADDED ENTRY ELEMENTS (KOHA) | |
| Koha item type | Reference |
| Withdrawn status | Lost status | Damaged status | Collection code | Home library | Current library | Shelving location | Date acquired | Source of acquisition | Cost, normal purchase price | Full call number | Accession Number | Koha item type |
|---|---|---|---|---|---|---|---|---|---|---|---|---|
| Reference | KAUAET | KAUAET | Reference | 04/06/2016 | Ganesh Book Center Trivanrum | 1950.00 | 551.6977 KIB/CL | 24584 | Reference |
